Золотой диск : стихи зарубежных поэтов в переводе Ивана Бунина: сборник

Библиографические подробности
Другие авторы: Любимов Н. (составитель), Бунин И. А. Иван Алексеевич (редактор), Шуплецов Б.
Язык:русский
Опубликовано: Москва, Прогресс, 1975
Серии:Мастера поэтического перевода
Предметы:
Формат: Книга
Запись в KOHA:https://koha.lib.tpu.ru/cgi-bin/koha/opac-detail.pl?biblionumber=374138

MARC

LEADER 00000nam0a2200000 4500
001 374138
005 20231102012628.0
035 |a (RuTPU)RU\TPU\retro\31572 
035 |a RU\TPU\book\311309 
090 |a 374138 
100 |a 20221216d1975 m y0rusy50 ca 
101 2 |a rus 
102 |a RU 
105 |a a z 001gy 
200 1 |a Золотой диск : стихи зарубежных поэтов в переводе Ивана Бунина  |e сборник  |f сост. Н. Любимов ; И. А. Бунин ; под ред. Б. Шуплецова 
210 |a Москва  |c Прогресс  |d 1975 
215 |a 192 с.  |c портр. 
225 1 |a Мастера поэтического перевода 
320 |a Вступительная статья : с. 5-12 
606 1 |a Русская литература, дореволюционная  |2 stltpush  |3 (RuTPU)RU\TPU\subj\26371  |9 50314 
610 1 |a поэзия 
610 1 |a английская поэзия 
610 1 |a французская поэзия 
610 1 |a итальянская поэзия 
675 |a Р1  |v 4 
702 1 |a Любимов  |b Н.  |4 220 
702 1 |a Бунин  |b И. А.  |c русский писатель  |c нобелевский лауреат (1933)  |f 1870-1953  |g Иван Алексеевич  |2 stltpush  |3 (RuTPU)RU\TPU\pers\99  |9 59 
702 1 |a Шуплецов  |b Б.  |4 340 
801 1 |a RU  |b 63413507  |c 20150311 
801 2 |a RU  |b 63413507  |c 20221216  |g RCR 
942 |c BK